Socialismo democrático y movimiento obrero
সংরক্ষণ করুন:
| প্রধান লেখক: | |
|---|---|
| বিন্যাস: | পাঠ্য |
| প্রকাশিত: |
Heredia:
CEDAL
|
| ট্যাগগুলো: |
ট্যাগ যুক্ত করুন
কোনো ট্যাগ নেই, প্রথমজন হিসাবে ট্যাগ করুন!
|
MARC
| LEADER | 00000 a a2200000 04500 | ||
|---|---|---|---|
| 001 | 20415 | ||
| 003 | |||
| 040 | |||
| 090 | |a 085400 | ||
| 100 | |a Solórzano Martínez, Mario | ||
| 245 | |a Socialismo democrático y movimiento obrero | ||
| 260 | |a Heredia: |b CEDAL | ||
| 300 | |a 17 p. | ||
| 999 | |c 16937 |d 16937 | ||
